| 000 | 01206nam a2200325 i 4500 | ||
|---|---|---|---|
| 005 | 20231213160315.0 | ||
| 008 | 231213t20232023my c| g 000 0cmay d | ||
| 020 |
_a9786297524269 _cRM50.00 _qpaperback |
||
| 040 |
_aPPAK _beng _cPPAK _erda |
||
| 082 | 0 | 4 |
_223 _a959.5 |
| 090 | 0 | 0 |
_a959.5 _bISH _dG |
| 100 | 0 |
_aIshak Saat, _eauthor. |
|
| 245 | 1 | 0 |
_aSITC : _bdalam Perjuangan Kemerdekaan : Pencetus Kebangkitan Rakyat / _cIshak Saat, Ahmad Zainuddin Husin, Nazirah Lee, Rabaah Abdullah |
| 264 | 1 |
_aTanjong Malim, Perak : _bUniversiti Pendidikan Sultan Idris, _c2023 |
|
| 264 | 4 | _c©2023 | |
| 300 |
_axiv, 441 pages : _bpotraits ; _c23 cm |
||
| 336 |
_atext _2rdacontent |
||
| 337 |
_aunmediated _2rdamedia |
||
| 338 |
_avolume _2rdacarrier |
||
| 504 | _aIncludes bibliographical references and index | ||
| 610 | 2 | 0 |
_aUniversiti Pendidikan Sultan Idris _xAlumni and alumnae |
| 650 | 1 | 0 |
_aHeroes _zMalaysia |
| 650 | 2 | 0 |
_aNationalists _zMalaysia |
| 650 | 2 | 0 |
_aGovernment publications _zMalaysia |
| 651 | 0 |
_aMalaysia _xHistory |
|
| 700 | 0 |
_aAhmad Zainuddin Husin, _eauthor. |
|
| 700 | 0 |
_aNazirah Lee, _eauthor. |
|
| 700 | 0 |
_aRabaah Abdullah, _eauthor. |
|
| 942 |
_2ddc _cB |
||
| 999 |
_c194011 _d194011 |
||